The husband book: (Record no. 14713)

000 -LEADER
fixed length control field 00563nam a2200181 a 4500
001 - CONTROL NUMBER
control field :::00012546$&:&@@
003 - CONTROL NUMBER IDENTIFIER
control field OkBaRHE
005 - DATE AND TIME OF LATEST TRANSACTION
control field 20000607103420.0
008 - FIXED-LENGTH DATA ELEMENTS--GENERAL INFORMATION
fixed length control field s1977 j 000 0 eng u
040 ## - CATALOGING SOURCE
Transcribing agency
100 1# - MAIN ENTRY--PERSONAL NAME
Personal name Merrill, Dean.
245 14 - TITLE STATEMENT
Title The husband book:
Remainder of title a job description for the married man.
260 ## - PUBLICATION, DISTRIBUTION, ETC. (IMPRINT)
Place of publication, distribution, etc Grand Rapids, MI., :
Name of publisher, distributor, etc Zondervan Pub. House
Date of publication, distribution, etc c1977
300 ## - PHYSICAL DESCRIPTION
Extent 194 p. ;
Dimensions 23 cm.
650 ## - SUBJECT ADDED ENTRY--TOPICAL TERM
Topical term or geographic name as entry element Husbands
942 ## - ADDED ENTRY ELEMENTS (KOHA)
Source of classification or shelving scheme
Koha item type Books
Copies
Koha item type Shelving location Lost status Copy number Damaged status Date acquired Barcode Full call number Source of classification or shelving scheme Not for loan Permanent Location Withdrawn status Price effective from Date last seen
BooksGeneral Stacks 1 2010-04-1412546HQ 756 .M47  RHEMA Bible Training College 2010-04-142010-04-14